Nonstandard analysis
Αποθηκεύτηκε σε:
| Κύριος συγγραφέας: | |
|---|---|
| Μορφή: | Βιβλίο |
| Γλώσσα: | English |
| Δημοσίευση: |
New York :
Wiley,
c1988
|
| Θέματα: | |
| Ετικέτες: |
Προσθήκη ετικέτας
Δεν υπάρχουν, Καταχωρήστε ετικέτα πρώτοι!
|
MARC
| LEADER | 00000cam a2200000 i 4500 | ||
|---|---|---|---|
| 001 | 1/35846 | ||
| 008 | 941103s1988 eng d | ||
| 020 | |a 0471917036 |c $31.60 | ||
| 035 | |l 10040084 | ||
| 035 | |a 1995 |c ΧΑΤΖΗΣΑΒΒΑΣ | ||
| 040 | |a GR-MY-UA |b gre |e aacr | ||
| 041 | 0 | |a eng | |
| 082 | 0 | |a 519.4 |2 (19) | |
| 100 | 1 | |a Robert, Alain. | |
| 245 | 1 | 0 | |a Nonstandard analysis / |c Alain Robert ; translated and adapted by the author |
| 246 | 3 | 3 | |a Nonstandard analysis |
| 260 | |a New York : |b Wiley, |c c1988 | ||
| 300 | |a xx, 156 p.; |b ill.; |c 24 cm | ||
| 500 | |a Translation of: L'analyse non-standard | ||
| 500 | |a "A Wiley-Interscience publication." | ||
| 500 | |a Includes index | ||
| 504 | |a Bibliography: p. [153]-154 | ||
| 650 | 0 | 0 | |a Nonstandard mathematical analysis. |
| 852 | |a INST |b SAMOS |e 19941103 |h 519.4 ROB |p 005300003618 |q 005300003618 |t BK |y 0 | ||
| 909 | |a Σ |b 025343 | ||